000 00436nam a2200181Ia 4500
001 25195
005 20260414151133.0
008 260414t2001||||xx |||||||||||||| ||spa||
041 _aESP
082 _a346.4
_bA39 2001 T. 1
100 _aAlessandri R., Arturo.
_eAUT
245 0 _aTratado de los derechos reales :
_bbienes
260 _c2001
300 _a
_c24 cm.
650 _aDER
654 _aCDE
942 _cLIB
_dJUS
_fJUS
_2ddc
_n
999 _c25195
_d25195